000 00974cam a22002893a 4500
001 4063
003 PGUSA
005 20140828083048.0
008 030501s2003||||xxu|||||s|||||000 e eng d
040 _aPGUSA
_beng
042 _adc
050 4 _aPR
100 1 _aSmith, Sydney,
_d1771-1845
245 1 0 _aPeter Plymley's Letters, and Selected Essays
_h[electronic resource] /
_cSydney Smith
260 _bProject Gutenberg,
_c2003
505 0 _aPeter Pymley's Letters -- Historical Apology for the Irish Catholics -- Ireland and England -- Moore's Captain Rock.
506 _aPublic domain in the USA.
516 _aElectronic text
653 _aCatholic emancipation
653 _aEssays
653 _aGreat Britain -- Politics and government -- 1800-1837
653 _aCatholics -- Ireland -- History
653 _aCatholics -- Great Britain -- History
830 0 _aProject Gutenberg
_v4063
856 4 0 _uhttp://www.gutenberg.org/ebooks/4063
942 _cEB
999 _c233392
_d233392